| 000 | 00578nam a22001817a 4500 | ||
|---|---|---|---|
| 005 | 20231031122551.0 | ||
| 008 | 231031b |||||||| |||| 00| 0 eng d | ||
| 020 | _a9781485119579 | ||
| 041 | _aEnglish | ||
| 082 | _a346.6 WIE | ||
| 100 |
_aWiese, T _lEnglish |
||
| 245 |
_aCorporate Governance in South Africa with International Comparisons / _cT Wiese |
||
| 250 | _aSecond Edition | ||
| 260 |
_aCape Town : _bJuta and Company (Pty) Ltd, _c2017 |
||
| 300 |
_bxvii, 234 pages ; _c25 cm. |
||
| 650 |
_alegal practice _bLaw |
||
| 942 |
_cBK _6ALISON_BN_VRIES |
||
| 999 |
_c187 _d187 |
||